000 00189 a2200097 4500
020 _a9780439326438
041 _aeng
100 _aScholastic
245 _aGreek Myths and Legends
942 _cBK
999 _c9772
_d9772